000 00407nam a22001217a 4500
999 _c2193
_d2193
005 20200910105618.0
008 200910b ||||| |||| 00| 0 eng d
020 _a0237504413
040 _cCML
245 _aAfrican History A Revision Course For Primary and Junior Secondary Classes.
_cSingh, M.
260 _aLondon
_bEvans Brothers Limited
_c1980
942 _2ddc
_cBK
_e1st Edition
_h960
_mSIN